Hooded Movie Characters Quiz Stats

 Plays Quiz Updated Sep 2, 2018

Score 0/18 Timer 04:00
1 Play Today
% Correct
Scream
95.8%
Star Wars: Episode IV- A New Hope
90%
The Revenant
78.1%
Lawrence of Arabia
77.8%
The Lord of the Rings: The Return of the King
75.3%
E.T. the Extra-Terrestrial
73%
8 Mile
69.1%
Mission: Impossible- Ghost Protocol
67.6%
The Hunger Games: Mockingjay- Part 2
64.1%
% Correct
Donnie Darko
57.6%
Red Riding Hood
51.2%
The Amazing Spider-Man 2
44.1%
The Twilight Saga: New Moon
39.9%
Suicide Squad
38%
The Village
32.3%
A View to a Kill
26.8%
Assassin's Creed
23.5%
Hard Candy
15.1%

You're not logged in!

Compare scores with friends on all Sporcle quizzes.
OR
Log In

Sporcle TV

Today on Sporcle TV


Watch our educational content, quiz creation guides, and fun videos on Sporcle TV.

Show Comments

Extras

Top Quizzes Today


Score Distribution

Your Account Isn't Verified!

In order to create a playlist on Sporcle, you need to verify the email address you used during registration. Go to your Sporcle Settings to finish the process.

Report this User

Report this user for behavior that violates our Community Guidelines.

Details: